| 000 | 00732nam a2200205Ia 4500 | ||
|---|---|---|---|
| 003 | GCL | ||
| 008 | 140319s9999 xx 000 0 ara d | ||
| 040 |
_aGCL / _cGCL |
||
| 082 | 0 | 4 |
_a005.8 _bر ق |
| 100 | 1 | _aرافت نبيل علوه | |
| 245 | 1 | 0 |
_aقرصنة الانترنت / _cرافت نبيل علوه |
| 260 |
_aالاردن : _bمكتبة المجتمع العربى للنشر والتوزيع ، _c2006 |
||
| 300 |
_a199 ص ؛ _c24 سم |
||
| 650 | 0 | 4 | _aالحاسبات الالكترونية - برامج |
| 650 | 0 | 4 | _aالإنترنت |
| 650 | 0 | 4 | _aالحاسبات الالكترونية - فيروسات |
| 650 | 0 | 4 | _aالهاكرز |
| 650 | 0 | 4 | _aالإنترنت - أمن البيانات |
| 942 |
_2ddc _cBK |
||
| 999 |
_c8453 _d8453 |
||